<?xml version="1.0" encoding="UTF-8"?>
<marc:record xmlns:marc="http://www.loc.gov/MARC21/slim">
   <marc:leader>00000nam a2200000 a 4500</marc:leader>
   <marc:datafield ind1="1" ind2=" " tag="100">
      <marc:subfield code="a">Linklater, Kristin</marc:subfield>
      <marc:subfield code="4">aut</marc:subfield>
      <marc:subfield code="e">Verfasser/-in</marc:subfield>
   </marc:datafield>
   <marc:datafield ind1=" " ind2=" " tag="653">
      <marc:subfield code="a">Stimme</marc:subfield>
   </marc:datafield>
   <marc:datafield ind1=" " ind2=" " tag="653">
      <marc:subfield code="a">Stimmbildung</marc:subfield>
   </marc:datafield>
   <marc:datafield ind1="0" ind2="0" tag="245">
      <marc:subfield code="a">Die persönliche Stimme entwickeln</marc:subfield>
   </marc:datafield>
   <marc:datafield ind1="0" ind2="0" tag="245">
      <marc:subfield code="b">Ein ganzheitliches Übungsprogramm zur Befreiung der Stimme</marc:subfield>
   </marc:datafield>
   <marc:datafield ind1="0" ind2="0" tag="245">
      <marc:subfield code="c">Kristin Linklater</marc:subfield>
   </marc:datafield>
   <marc:datafield ind1=" " ind2="1" tag="264">
      <marc:subfield code="a">München; Basel</marc:subfield>
      <marc:subfield code="b">Reinhardt</marc:subfield>
      <marc:subfield code="c">1997</marc:subfield>
   </marc:datafield>
   <marc:datafield ind1="1" ind2=" " tag="520">
      <marc:subfield code="a">Wem hat es nicht schon einmal die Stimme  verschlagen? Oder ein Kloß im Hals hat ver-&lt;br/&gt;hindert, Entscheidendes zu sagen!&lt;br/&gt;Spätestens dann wird klar, daß die Stimme  über die Sprache hinaus das wichtigste  menschliche Kommunikationsmittel ist. Sie ist  ein integrierter Bestandteil der Persönlich-&lt;br/&gt;keit. Für den Sänger und Schauspieler ist sie  darüber hinaus künstlerisches Instrument.  Verspannungen und ein mangelndes Gefühl für  den Körper können die Ursache für eine unbe-&lt;br/&gt;friedigende Stimme sein, die zu hoch, zu  leise, zu schwach, zu tief oder gepreßt sein  kann. Hier setzt das Linklater-Programm an.  Körperliche Achtsamkeit und Entspannung sind  die ersten Schritte. Über Ton-, Stimm- und  Sprechübungen wird dann die individuelle na-&lt;br/&gt;türliche Stimme aus dem Körper, aus der  Person heraus entwickelt.&lt;br/&gt;&lt;br/&gt;  </marc:subfield>
   </marc:datafield>
   <marc:datafield ind1=" " ind2=" " tag="020">
      <marc:subfield code="a">9783497014293</marc:subfield>
      <marc:subfield code="9">9783497014293</marc:subfield>
   </marc:datafield>
   <marc:datafield ind1=" " ind2=" " tag="041">
      <marc:subfield code="a">ger</marc:subfield>
   </marc:datafield>
   <marc:datafield ind1="1" ind2=" " tag="521">
      <marc:subfield code="a">0</marc:subfield>
   </marc:datafield>
   <marc:datafield ind1=" " ind2=" " tag="300">
      <marc:subfield code="a">280 S.</marc:subfield>
   </marc:datafield>
</marc:record>
